| 000 | nam a22 a 4500 | ||
|---|---|---|---|
| 999 |
_c141039 _d141039 |
||
| 003 | BLK | ||
| 005 | 20230111142542.0 | ||
| 008 | 180409b bul|||||r ||||||| ||bul|| | ||
| 010 | _aKNG00147108000 | ||
| 040 | _aBLK | ||
| 041 |
_aBUL _cBUL |
||
| 080 |
_aБългарска литература _b821.163.2 _x-93-32 _z821.163.2-93-32 |
||
| 100 | 1 |
_aМесечков, Недялко Спиров _eпърви автор _9327239 |
|
| 139 |
_aМесечков, Недялко Спиров _bМ 50 |
||
| 245 | 1 | 0 |
_aФелек стана мъж _bПовест за деца _cНедялко Спиров Месечков; худож. Румен Райчев. |
| 257 | _aBGR | ||
| 260 |
_aСофия _bБълг. писател _c1970 |
||
| 300 |
_a132 с. _bс ил. _c20 см |
||
| 380 | _aDX | ||
| 500 | _a40 100 тир. - Съдържа и разкази и легенди. | ||
| 700 | 1 |
_aРайчев, Румен _eхудож. _9379478 |
|
| 852 | _aЦб 261516 | ||
| 856 | 4 |
_qpdf _i0.44 _ldisable |
|
| 856 | 4 |
_qpdf _i0.44 _ldisable |
|
| 942 |
_cKNG _n0 _s1 |
||
| 944 |
_aCR _c24.07.2013 _l24.07.2013 - от С1,Р / 24.07.2013 _kВиктория_Петкова |
||
| 944 |
_aED _c11.09.2017 _l24.07.2013 - от С1,Р / 24.07.2013 _kПенка_Димитрова |
||
| 999 | _d141039 | ||